000
00430nam a22001217a 4500
040
_c
RUA
082
_a
A110 ប្រាជ្ញ 2015 C160 Or.1
100
_a
ប្រាជ្ញ វិជ័យ,
245
_a
១០០រឿងដែលកួរយល់ដឹងពីប្រទេសហ៊្វីលីពិន
260
_a
PHNOM PENH
_b
RUA
_c
2015
300
_a
196p.
_b
ill.
_c
22cm.
942
_c
អភិវឌ្ឍន៍
999
_c
25676
_d
25676